| 000 | 00668nam 22002173 4500 | ||
|---|---|---|---|
| 001 | 201425 | ||
| 010 | _a84-395-6238-1 | ||
| 021 |
_aES _bB-45-757-1997 |
||
| 090 | _a201425 | ||
| 100 | _a20260319d u||y0pory50 ba | ||
| 200 |
_aO caso dos dez negrinhos _fadaptação e guião François Rivière, desenhos e colorização Frank Leclercq |
||
| 210 |
_a[S.l.] _cPlaneta DeAgostini _dcop. 1997 |
||
| 215 |
_a46 p. _cil. ; encadernado _d30 cm |
||
| 225 | _aAgatha Christie | ||
| 606 |
_91586 _aDesenho Artístico |
||
| 610 | _aBanda desenhada | ||
| 675 |
_a74 _vPT _zpor |
||
| 700 |
_916130 _aRiviere _bFrançois _f1949- |
||
| 801 |
_aPT _bBMMN _gRPC |
||
| 830 | _cIsabel | ||
| 990 | _cLIVROS | ||